000 00287 a2200145 4500
001 167624
020 _a
040 _cMagnum
100 _aLopes, Helio
240 1 0 _aA cabra feiticeira
_lpor
245 1 0 _aA cabra feiticeira
362 0 _a1899
697 _aIJ/FICCAO
942 _cBK
999 _c167624
_d167624